Fr. Conceicao Rodrigues College of Engineering

Digital signal processing using Matlab (Record no. 20980)

MARC details
000 -LEADER
fixed length control field 00306nam a2200145Ia 4500
082 ## - DEWEY DECIMAL CLASSIFICATION NUMBER
Classification number 621.3822/WEE
Item number WEE
100 ## - MAIN ENTRY--PERSONAL NAME
Personal name Weeks/Michael
245 ## - TITLE STATEMENT
Title Digital signal processing using Matlab
260 ## - PUBLICATION, DISTRIBUTION, ETC.
Name of publisher, distributor, etc. #N/A
Date of publication, distribution, etc. 2007
366 ## - TRADE AVAILABILITY INFORMATION
Publishers's discount category 17.5
546 ## - LANGUAGE NOTE
Language note ENGLISH
650 ## - SUBJECT ADDED ENTRY--TOPICAL TERM
Topical term or geographic name entry element DSP
654 ## - SUBJECT ADDED ENTRY--FACETED TOPICAL TERMS
Focus term DSP
942 ## - ADDED ENTRY ELEMENTS (KOHA)
Koha item type BOOK
Holdings
Withdrawn status Lost status Damaged status Not for loan Collection Home library Current library Date acquired Source of acquisition Cost, normal purchase price Inventory number Total Checkouts Full call number Barcode Date last seen Cost, replacement price Price effective from Koha item type
        CRC Fr. Agnel's C.Rodrigues College of Engineering Fr. Agnel's C.Rodrigues College of Engineering 17/03/2023 Educational books and periodicals 288.75 263 dt 05/05/2009   621.3822/WEE WEE 19506 17/03/2023 350.00   BOOK